<?xml version="1.0" encoding="UTF-8"?>
<collection xmlns="http://www.loc.gov/MARC21/slim">
 <record>
  <leader>02372naa a2200217 i 4500</leader>
  <controlfield tag="001">acta89478</controlfield>
  <controlfield tag="005">20260224080233.0</controlfield>
  <controlfield tag="008">260223s2025    hu      o     000   eng d</controlfield>
  <datafield tag="020" ind1=" " ind2=" ">
   <subfield code="a">978-615-6913-16-6</subfield>
  </datafield>
  <datafield tag="040" ind1=" " ind2=" ">
   <subfield code="a">SZTE Egyetemi Kiadványok Repozitórium</subfield>
   <subfield code="b">hun</subfield>
  </datafield>
  <datafield tag="041" ind1=" " ind2=" ">
   <subfield code="a">eng</subfield>
  </datafield>
  <datafield tag="100" ind1="1" ind2=" ">
   <subfield code="a">Fodor Richárd</subfield>
  </datafield>
  <datafield tag="245" ind1="1" ind2="0">
   <subfield code="a">Insular perspectives - history and civic education in England</subfield>
   <subfield code="h">[elektronikus dokumentum] /</subfield>
   <subfield code="c"> Fodor Richárd</subfield>
  </datafield>
  <datafield tag="260" ind1=" " ind2=" ">
   <subfield code="a">Belvedere Meridionale</subfield>
   <subfield code="b">Szeged</subfield>
   <subfield code="c">2025</subfield>
  </datafield>
  <datafield tag="300" ind1=" " ind2=" ">
   <subfield code="a">59-76</subfield>
  </datafield>
  <datafield tag="490" ind1="0" ind2=" ">
   <subfield code="a">Compass to history and civic education : comparing history education in 16 European and Asian Countries</subfield>
  </datafield>
  <datafield tag="520" ind1="3" ind2=" ">
   <subfield code="a">This paper examines the structure, evolution, and curricular characteristics of history and civic education in England within the broader context of the United Kingdom’s decentralised educational framework. Unlike continental European models, the English system developed through a tradition of local governance and professional autonomy, shaped by reforms such as the 1870 Education Act and the introduction of the National Curriculum in 1988. The study traces how the English National Curriculum balances central regulation with institutional independence, focusing particularly on history as a foundational subject. History teaching in England reflects the influence of historical thinking theory, emphasizing source analysis, interpretation, and critical reasoning rather than comprehensive chronological coverage. The analysis also explores civic education, rooted in Bernard Crick’s 1998 report, as a statutory field aimed at fostering democratic literacy and active citizenship. Current debates—such as those surrounding national identity, decolonisation, and the balance between traditional content and inclusive perspectives—illustrate the dynamic and contested role of history and civic education in shaping civic consciousness. Overall, the paper argues that the English model embodies a continuing tension between autonomy and accountability, heritage and diversity, reflecting broader societal and political trends in contemporary education.</subfield>
  </datafield>
  <datafield tag="650" ind1=" " ind2="4">
   <subfield code="a">Társadalomtudományok</subfield>
  </datafield>
  <datafield tag="650" ind1=" " ind2="4">
   <subfield code="a">Oktatástudomány</subfield>
  </datafield>
  <datafield tag="695" ind1=" " ind2=" ">
   <subfield code="a">Történelem tanítása - Anglia, Állampolgári nevelés - Anglia, Oktatásügy - Anglia</subfield>
  </datafield>
  <datafield tag="856" ind1="4" ind2="0">
   <subfield code="u">http://acta.bibl.u-szeged.hu/89478/1/2025_history_and_civic_education_059-076.pdf</subfield>
   <subfield code="z">Dokumentum-elérés </subfield>
  </datafield>
 </record>
</collection>
